00675nam a22002052a 450000100060000000300080000600500170001400800410003103500190007204000230009104100080011408200210012210000330014324500630017626000710023930000750031050400190038565100310040465100340043524486BD-RJUL20211209001046.0140313s19681940enkab 001 0 eng d a(BD-RJUL)24553 aDLCcKSWdEQObeng aeng a940.27bAYE 19681 aAyerst, David George Ogilvy.10aEurope in the nineteenth century /cby D. G. O. Ayerst ... aCambridge [Eng.] :bThe University Press,cC1940 [reprinting 1968] axiv p., 1 leaf, 432 p. :billus. (incl. maps, geneal. tables) ;c20 cm aincludes index 0aEuropexHistoryy1789-1900 0aEuropexHistoryy20th century